ბათუმის შოთა რუსთაველის სახელმწიფო უნივერსიტეტის ბიბლიოთეკა

Элементы высшей математики для школьников (ბიბ.ჩანაწერი № 38505)

000 -LEADER
fixed length control field 00590nam a2200181Ia 4500
001 - CONTROL NUMBER
control field 4570
003 - CONTROL NUMBER IDENTIFIER
control field GE_BSU
008 - FIXED-LENGTH DATA ELEMENTS--GENERAL INFORMATION
fixed length control field 181216s||||||||xx |||||||||||||| ||und||
040 ## - CATALOGING SOURCE
Transcribing agency GE_BSU
100 ## - MAIN ENTRY--PERSONAL NAME
Personal name Фаддеев, Д.К; Никулин, М.С;Соколовский,; И.Ф.
245 ## - TITLE STATEMENT
Title Элементы высшей математики для школьников
260 ## - PUBLICATION, DISTRIBUTION, ETC.
Place of publication, distribution, etc. Москва
260 ## - PUBLICATION, DISTRIBUTION, ETC.
Name of publisher, distributor, etc. Наука, Физматлит;
260 ## - PUBLICATION, DISTRIBUTION, ETC.
Date of publication, distribution, etc. 1987
300 ## - PHYSICAL DESCRIPTION
Extent 336 с.21 см
653 ## - INDEX TERM--UNCONTROLLED
Uncontrolled term Элементы высшей математики для школьн
942 ## - ADDED ENTRY ELEMENTS (KOHA)
Koha item type წიგნი

არაა ხელმისაწვდომი ეგზემპლარები.